|
|
|
|
| LEADER |
02153nam a2200373 a 4500 |
| 001 |
10683 |
| 003 |
BD-DhAAL |
| 008 |
090405s1994 enk 000 1 eng d |
| 999 |
|
|
|c 252
|d 252
|
| 020 |
|
|
|a 9780140621198 (pbk.)
|
| 020 |
|
|
|a 0140621199 (pbk.)
|
| 020 |
|
|
|a 9780142623567
|
| 040 |
|
|
|a StDuBDS
|b eng
|c StDuBDS
|d Uk
|d BD-DhAAL
|
| 082 |
0 |
4 |
|a 813.4
|2 23
|
| 100 |
1 |
|
|a Alcott, Louisa May,
|d 1832-1888.
|9 41539
|
| 245 |
1 |
0 |
|a Little women /
|c Louisa May Alcott.
|
| 260 |
|
|
|a London :
|b Penguin,
|c 1994.
|
| 300 |
|
|
|a v, 217 pages ;
|c 19 cm.
|
| 490 |
1 |
|
|a Penguin popular classics
|
| 500 |
|
|
|a First published 1868
|
| 541 |
1 |
|
|a Donated by Akbar Ali Khan(38094)
|e 10683, 38094
|
| 650 |
0 |
|
|a March family (Fictitious characters)
|v Fiction.
|9 41540
|
| 650 |
0 |
|
|a Sisters
|v Fiction.
|9 41541
|
| 650 |
0 |
|
|a Children's stories
|9 46805
|
| 830 |
|
|
|a Penguin popular classics
|9 46806
|
| 852 |
4 |
|
|a Ayesha Abed Library
|j General Stacks
|
| 942 |
|
|
|2 ddc
|c BK
|
| 952 |
|
|
|0 0
|1 4
|2 ddc
|4 0
|6 813_400000000000000_ALC
|7 0
|9 234
|a BRACUL
|b BRACUL
|c FIC
|d 2009-04-29
|g 90.00
|l 0
|o 813.4 ALC
|p 3010010683
|r 2009-04-29
|t 1
|w 2009-04-29
|y BK
|x Koha Inventory 2020
|
| 952 |
|
|
|0 0
|1 0
|2 ddc
|4 0
|6 813_400000000000000_ALC_1994
|7 0
|9 8181
|a BRACUL
|b BRACUL
|c FIC
|d 2010-02-16
|l 11
|m 92
|o 813.4 ALC
|p 3010010678
|r 2024-12-01
|s 2024-02-18
|t 2
|w 2010-02-16
|y BK
|
| 952 |
|
|
|0 0
|1 0
|2 ddc
|4 0
|6 813_400000000000000_ALC_1994
|7 0
|9 10885
|a BRACUL
|b BRACUL
|c FIC
|d 2010-06-13
|l 17
|m 53
|o 813.4 ALC
|p 3010010679
|r 2025-10-22
|s 2025-10-12
|t 3
|w 2010-06-13
|y BK
|
| 952 |
|
|
|0 0
|1 0
|2 ddc
|4 0
|6 813_400000000000000_ALC_1994
|7 0
|9 17829
|a BRACUL
|b BRACUL
|c FIC
|d 2011-08-14
|l 21
|m 93
|o 813.4 ALC
|p 3010010681
|r 2025-05-24
|s 2025-05-13
|t 4
|w 2011-08-14
|y BK
|
| 952 |
|
|
|0 0
|1 0
|2 ddc
|4 0
|6 813_400000000000000_ALC_1994
|7 0
|9 17830
|a BRACUL
|b BRACUL
|c FIC
|d 2011-08-14
|l 5
|m 59
|o 813.4 ALC
|p 3010010682
|r 2024-09-01
|s 2024-06-23
|t 5
|w 2011-08-14
|y BK
|
| 952 |
|
|
|0 0
|1 0
|2 ddc
|4 0
|6 813_400000000000000_ALC_1994
|7 0
|9 17831
|a BRACUL
|b BRACUL
|c FIC
|d 2011-08-14
|l 11
|m 80
|o 813.4 ALC
|p 3010010684
|r 2026-02-02
|s 2025-09-21
|t 6
|w 2011-08-14
|y BK
|
| 952 |
|
|
|0 0
|1 0
|2 ddc
|4 0
|6 813_400000000000000_ALC
|7 1
|9 70100
|a BRACUL
|b BRACUL
|c CS1
|d 2022-03-13
|l 0
|o 813.4 ALC
|p 3010038094
|r 2022-03-13
|t 7
|w 2022-03-13
|y BK
|